[Event "Tata Steel-A 78th"]
[Site "Wijk aan Zee"]
[Date "2016.01.16"]
[Round "1"]
[White "Ding, Liren"]
[Black "Adams, Michael"]
[Result "1-0"]
[WhiteElo "2766"]
[BlackElo "2744"]
[Annotator "Ding Liren"]
[PlyCount "121"]
[EventDate "2016.01.16"]
[EventType "tourn"]
[EventRounds "13"]
[EventCountry "NED"]
[EventCategory "20"]
[SourceTitle "CBM 171"]
[Source "ChessBase"]
[SourceDate "2016.03.14"]
[SourceVersion "2"]
[SourceVersionDate "2016.03.14"]
[SourceQuality "1"]

1. c4 {My opponent's playing style is positional and solid; with 1.c4 I want
to get some dynamic play.} e5 2. g3 Nf6 3. Bg2 d5 4. cxd5 Nxd5 5. Nc3 Nb6 6. d3
(6. e3 {is also popular. However, the text provides a clear plan: Be3-Rc1.})
6... Nc6 {This came as a surprise.} (6... Be7 {probably leads to a
wait-and-see game} 7. Be3 O-O 8. Rc1 Re8 (8... Nc6 9. Bxc6 bxc6 10. Nf3 f6 11.
O-O) 9. Qc2 Bf8 10. a3 {Normally Black has to wait until White finally plays
Nf3.} h6 11. Nf3 Nc6) 7. Be3 (7. Bxc6+ {is a bit early} bxc6 8. Nf3 Bd6 9. O-O
O-O 10. Qc2 f5 {Black has good attacking chances.}) 7... Bd6 {The logical
follow-up. Since I can't take on c6, 8.Rc1 makes less sense.} 8. Nf3 O-O 9. O-O
Re8 10. d4 $1 {Exploiting the fact that his bishop is on d6 instead of e7.} (
10. Rc1 Bf8 {is harmless for Black.}) 10... exd4 (10... Nc4 {is naive:} 11. Bg5
f6 12. Bc1 $1) 11. Nxd4 Nxd4 12. Bxd4 $6 {I spent 20 minutes here} ({I
intended to play} 12. Qxd4 {but refused it due to} Be5 (12... Qe7 13. a4 Be5
14. Qe4 Bxc3 15. Qxe7 Rxe7 16. Rfd1 $1) 13. Qxd8 Rxd8 14. Rfd1 Re8 {however, I
forgot} 15. a4 $1) 12... c6 13. a4 $5 Bf8 {This leads to unnecessary
complications. It's better to avoid a5-a6.} (13... Nc4 14. Ne4 (14. b3 Na5)
14... Bf8) 14. a5 Nc4 15. a6 Nxb2 16. Qd2 Nc4 17. Qf4 Bd6 {Here I think it's
better to exchange queens by means of 17...g5:} (17... g5 18. Qf6 Qxf6 19. Bxf6
h6 20. Rfb1 Nd6 {and with accurate play Black should gradually equalise}) 18.
Qc1 Be5 ({Taking the pawn is undesirable:} 18... Bxg3 19. hxg3 Qxd4 20. axb7
Bxb7 21. Ra4 $1 a5 22. Nb1 Ba6 23. Bxc6) 19. Bxe5 Nxe5 20. Rd1 Qe7 21. Ne4 $2 {
But this is too much.} (21. axb7 $142 Bxb7 22. Ne4 {and despite the position's
quiet appearance, Black has difficulties holding his extra pawn:} a5 (22... c5
23. Nd6) (22... h6 23. Qc5) 23. Nd6 Red8 24. Nxb7 Rxd1+ 25. Qxd1 Qxb7 26. Rxa5
Ng6 27. Rc5 Ne7 28. Bf3 $16) 21... bxa6 (21... b5 {is another option:} 22. Nd6
(22. Qc5 Bg4) 22... Rd8 23. Nxb5 $14) 22. f4 Ng6 $5 {An interesting retreat.
During the game I mainly focused on 22...Ng4.} (22... Ng4 23. h3 Bf5 (23... Nf6
24. Nxf6+ Qxf6 25. Bxc6 Bxh3 (25... Bb7 26. Bxe8 Qb6+ 27. e3 Rxe8 28. Rb1 Qg6
29. Kh2 Qe4 30. Qb2) 26. Bxa8 Rxa8 27. Qc4 $16) 24. Ra4 $1 {an important detail
} Nh6 25. Nd6 Red8 26. Rad4 $36) 23. Qxc6 Rb8 {Now I realised that things
become drawish.} 24. Qd6 (24. Nd6 Rd8 25. Nxc8 Rbxc8 26. Rxd8+ Qxd8 27. Qxa6
Qd4+ 28. Kh1 Ne7 29. Bf3 g6 30. Kg2 Rc7) 24... Bg4 $6 (24... Qxd6 {is simpler}
25. Nxd6 ({A better try is} 25. Rxd6 Rb2 26. Bf3 Bb7 27. Rd2 Rxd2 28. Nxd2 Bxf3
29. exf3 $11) 25... Rxe2 26. Rab1 Rxb1 27. Rxb1 Be6 $1 28. f5 Ba2 $1 {and even
White has to be careful.}) 25. Qxe7 Rxe7 26. Rd2 h6 $6 {Unnecessary.} (26...
Rb6 27. Kf2 Nf8 28. Nc5 Bc8 29. Rd8 Rc7 30. Rc1 h6 $11) 27. Rxa6 (27. Kf2 $5
Rb6 28. Nc5) 27... Rb4 (27... Rbe8 28. h3 $1 Bxh3 $2 29. Nd6) 28. Nc3 Rc4 29.
Ra3 Nf8 $6 {Again he rejected the most obvious move.} (29... Re3 $142 30. Rd8+
(30. Rc2 Ne7 $1 {a very strong manoeuvre, probably missed by my opponent} 31.
Kf2 Nf5 {unclear}) 30... Nf8 31. Rd3 Rxd3 32. exd3 Rc7 {and Black has good
drawing chances.}) 30. Kf2 Rec7 31. Nd5 Rc2 (31... Rd7) 32. Rxc2 Rxc2 {
Although he has made some inaccuracies, the position is still very far from
winning. Now I have a critical choice.} 33. Bf1 (33. Ne3 $1 {provided me with
better chances} Rxe2+ 34. Kf1 Bh5 35. h3 $1 {the most promising continuation
which I missed} (35. g4 Rxe3 36. Rxe3 Bxg4) (35. f5 g6 $1 36. h3 gxf5 37. Nd5
Re6 38. Nf4 Bg6 39. Nxe6 fxe6 40. Rxa7 Bf7 {in my opinion Black can hold this})
35... Rb2 36. g4 Bg6 37. f5 Bh7 38. Rxa7 (38. Bd5 Kh8 39. Rxa7 Bg8 40. Ra8 Nd7
41. Bxf7 Rb8 42. Rxb8 Nxb8 43. Be8 $16) 38... Rb8 (38... Rb1+ 39. Kf2 Rb2+ 40.
Kg1 Rb1+ 41. Kh2 Rb2 42. Nd5) 39. Bd5 Kh8 40. Bxf7 $16) 33... Be6 34. Ne7+ Kh7
35. Rxa7 g6 $1 36. Bg2 (36. h3 $5) 36... Bg4 37. Bf1 (37. Nc6 Rxe2+ 38. Kf1 Rd2
) (37. Nd5 Kg7) 37... Be6 38. Bg2 Bg4 39. Bf3 Bxf3 40. Kxf3 Ne6 {Finally we
have reached the time control. Objectlivey speaking I thought the position was
closer to a draw than winning for White, but at least I can torture him for
long time.} 41. e3 Kg7 (41... Rxh2 $2 42. Nc6) 42. h3 h5 43. Nd5 {I want to
keep more pawns on the board so I rejected the possibility of 43.g4.} (43. g4
hxg4+ 44. hxg4 Nc7) 43... Rh2 $1 44. h4 Rc2 45. Nb6 Rc3 46. Ke4 Rc1 ({He could
activated his knight to d6 via b5 or e8:} 46... Nc7 $1 47. Nd7 Nb5) 47. Kf3 Rc3
48. Nd5 Rb3 ({There is nothing wrong with} 48... Rc1) 49. Ke4 Rb1 50. Nc3 $1
Rb4+ 51. Kd5 Kf8 52. Ne4 $5 {The position becomes trickier.} ({A better move
is 52.e4 with the idea of ...f5. Although Black can hold with accurate play:} 
52. e4 $142 Kg7 53. f5 gxf5 54. exf5 Nf8 55. Ke5 (55. Kd6 Rb6+) 55... Nh7 56.
Nd5 Rb5 $1 57. Ra6 Rb1) 52... Rb3 53. Nd6 Rd3+ (53... Rxe3 $6 54. Nxf7 Ng7 55.
Nh6) 54. Ke5 Nd8 $4 {But this is the decisive mistake. Maybe my opponent was
tired after long defence. After that his knight is vulnerable, the same as his
pawns.} (54... Rxe3+ 55. Kf6 Nc7 $1 {the key move} 56. Nxf7 Nd5+ $1 (56... Re7
{is less effective, although Black can still hold with a series of only moves:}
57. Kxg6 Rxf7 58. Kxh5 Ne6 $1 59. Rxf7+ Kxf7 60. f5 Nd4 (60... Nf8 61. Kg5 Kg7
62. g4 Nd7 63. Kf4 Kh6) 61. Kg5 Kg7 $1 62. h5 Nf3+ 63. Kf4 Ng1) 57. Kxg6 Rxg3+
58. Ng5 Nxf4+ 59. Kf5 Nd5 $11) 55. Rd7 $18 Rxe3+ 56. Kf6 Re6+ 57. Kg5 Kg7 (
57... Nc6 58. Rxf7+ Kg8 59. Rf6 Rxf6 60. Kxf6 Kh7 61. Nf7 (61. f5) 61... Nd4
62. Ng5+ Kh6 63. Kf7 $18) 58. f5 Re3 59. f6+ Kh7 60. Rxd8 Re4 61. Rh8+ {
Avoiding the last trick. Of course not 61.Nxe4 and it's stalemate! Black
resigned.} 1-0

[Event "US Masters op"]
[Site "Greensboro"]
[Date "2017.08.25"]
[Round "5"]
[White "Ynojosa Aponte, Felix Jose"]
[Black "Dragun, Kamil"]
[Result "1/2-1/2"]
[WhiteElo "2418"]
[BlackElo "2625"]
[Annotator "Dragun/Macieja"]
[PlyCount "96"]
[EventDate "2017.08.23"]
[EventType "swiss"]
[EventRounds "9"]
[EventCountry "USA"]
[SourceTitle "CBM 182"]
[Source "ChessBase"]
[SourceDate "2018.01.17"]
[SourceVersion "1"]
[SourceVersionDate "2018.01.17"]
[SourceQuality "1"]

1. c4 Nf6 2. Nc3 e5 3. e3 Bb4 4. Nge2 O-O 5. Qc2 {I didn't consider that move
in my preparations, but on the other hand it didn't come as a big surprise for
me, as my opponent really liked to play unusual openings that objectively
didn't offer much of advantage.} (5. a3 {is the most popular move in this
position, but after that Black is also doing fine.} Be7 6. d4 exd4 7. Qxd4 {
Now Black can develop in a couple of ways.} (7. Nxd4 d5 $11) 7... Nc6 ({
I wanted to try the principled} 7... a5 $5 8. b3 Na6 {[%csl Rb3][%cal Ga6c5]} (
8... a4 $5 9. b4 (9. Nxa4 Nc6 10. Qd1 d5 11. cxd5 Qxd5 $36) 9... c5 10. bxc5
Nc6 (10... Na6 11. Nxa4 Qa5+ 12. Nec3 Nxc5 13. Nxc5 Bxc5 14. Qd2 Bb4 15. axb4
$1 (15. Bb2 $2 Ne4 $1 16. axb4 Qxa1+ 17. Bxa1 Nxd2 18. Kxd2 Rxa1 $15) 15...
Qxa1 16. f3 d6 17. Kf2 $14) 11. Qd1 Ne5 (11... Bxc5 12. Nxa4 Rxa4 13. Qxa4 Ne4
$13)) 9. Bb2 Nc5 10. Qd1 b6) (7... c6 {[%cal Gd7d5]}) 8. Qd1 d6) 5... Re8 {
The most popular and logical move. Now after 6.a3 the bishop can retreat to f8,
keeping the e-file open for the rook.} 6. Nd5 Nxd5 7. cxd5 c6 8. a3 Qa5 $6 {
An unnecessary try to punish the opponent for an unusual opening. It was
better to play like in the following 27 years old game:} (8... Bf8 9. Nc3 Na6
$5 10. Bd3 (10. Bxa6 $2 bxa6 11. dxc6 dxc6 12. O-O a5 {and White will have a
lot of problems with the white squares.}) 10... g6 11. O-O Nc7 12. Bc4 b5 13.
Ba2 Bb7 14. dxc6 Bxc6 {1/2 (60) Kamsky,G (2650)-Spasov,V (2495) Manila 1990.
Black cannot complain about his position.}) 9. Rb1 Bf8 10. Nc3 $1 {I
underestimated that move.} d6 {Admitting the decision taken on move 8 was
wrong.} ({Originally I thought I could go for} 10... cxd5 $2 11. b4 Qc7 {
but I realised that after} 12. Bd3 $1 e4 13. Nxd5 Qe5 14. Bc4 b5 15. Ba2 $16 {
my position would be really bad.}) 11. Bd3 g6 12. b4 Qd8 13. O-O {It was a
very interesting moment in the game, as White had to choose between two plans.
My opponent chose the quiet way, whereas the aggressive approach was dangerous
for me:} (13. h4 $5 cxd5 14. Nxd5 (14. h5 e4 15. Be2 Be6 16. hxg6 hxg6 17. Bb2
Bg7 18. Nb5 Nc6 19. Bxg7 Kxg7 20. Qc3+ f6 $11) 14... Na6 15. h5 (15. Bxa6 bxa6
16. Nc7 $2 Bf5 17. e4 Bxe4 $17) (15. Bb5 Be6 $1 16. Bxe8 Bxd5 17. Bb5 Bxg2 18.
Rg1 Bd5 $44) 15... Be6 16. hxg6 hxg6 (16... Bxd5 17. gxf7+ Kxf7 18. Rxh7+ Bg7
19. Bg6+ Kg8 20. Bxe8 Qxe8 $13) 17. Bc4 Rc8 18. Qd3 Bg7 19. e4 Nc7 $11) 13...
Nd7 14. f4 $6 {I saw that move, but honestly I thought it was just bad, too
anti-positional.} (14. Bb2 Bg7 15. dxc6 bxc6 16. Ne4 Nb6 17. Qxc6 f5 18. Ng3
Bd7 19. Qb7 (19. Qc2 Ba4) (19. Qc1 Rc8 20. Qd1 Ba4 21. Qe2 d5 {And Black
shouldn't be worse here.}) 19... Bc8 20. Qc6 Bd7 $11) 14... exf4 15. Rxf4 (15.
exf4 {During the game it looked for me as if it was almost lost for White. The
computer just laughs at me and says it is completely playable.} Nf6 (15... Bg7
$5 16. Bb2 Bd4+ 17. Kh1 Nf6 18. dxc6 Ng4 19. h3 Qh4 20. Ne2 Bxb2 21. Rxb2 Nf2+
22. Kg1 Nxh3+ 23. gxh3 Rxe2 24. Bxe2 Qg3+ $11) 16. Bb2 Bg7 (16... Qb6+ $2 17.
Kh1 Ng4 $2 18. h3 Nf2+ 19. Rxf2 Qxf2 20. Ne4 Rxe4 21. Bxe4 $18) 17. dxc6 bxc6
18. Nd1 $1 Bd7 19. Ne3) 15... Ne5 16. Be2 Bh6 17. Rf2 Bg7 18. Bb2 {I spent
much time on the next move. I thought my position should be somewhat better,
but I didn't see how to prove it.} cxd5 (18... f5 $5 {was one of my ideas.} 19.
Rbf1 (19. dxc6 bxc6 20. b5 $6 c5 21. Nd5 Be6 22. Nf4 Bf7 23. a4 Rc8 $15) 19...
a5 $1 {[%csl Ga8,Rb4]} 20. e4 (20. b5 c5 21. e4 $13) (20. d4 axb4 21. axb4 Nf7)
20... axb4 21. axb4 Qb6 $1 22. Qb3 c5 $15) 19. Nxd5 Be6 20. Nf4 (20. Nc7 Rc8
21. Nxe6 Rxc2 {leads to the same position as in the game.}) 20... Rc8 21. Nxe6
Rxc2 22. Nxd8 Rxd8 23. Bd1 (23. Bc3 Bh6 $1 {That was my trap and I thought I
have chances to play for a win here but computer defends easily.} 24. Rb3 Rc8 {
[%csl Rc3][%cal Gh6e3]} 25. Bxe5 dxe5 26. Rd3 $1 {activating the rook.} Rc1+
27. Rf1 R1c7 28. Bd1 $11 {[%csl Rf7][%cal Gd1b3]}) 23... Rc7 24. Bb3 (24. Bxe5
dxe5 25. Bb3 e4 26. Rbf1 Rdd7 $15 27. Rf4 Bb2 28. Rxe4 Rxd2) 24... Nd3 25. Bxg7
(25. Bf6 Rdd7 26. Rff1 Bxf6 27. Rxf6 Kg7 28. Rff1 d5 $15) 25... Kxg7 (25...
Nxf2 $4 26. Bf6 $18) 26. Rf3 d5 $1 {Closing in the white bishop and making the
d3-knight unremovable.} 27. Rbf1 f5 28. Rg3 Kf6 {I knew my position was
clearly better, but it was not that easy to break through.} ({Another
possibility was:} 28... d4 29. exd4 (29. Rxf5 $4 Nc1 $19) 29... Rxd4 30. Rxf5
Nf4 31. Kf1 $1 Rxd2 32. Rc5 Rxc5 33. bxc5 Nd3 34. c6 $1 bxc6 35. Re3 $15 {
Black is a pawn up, however it is not easy to convert it for a full point.})
29. Rh3 (29. Rg4 Nc1 (29... Nf2 $2 30. Rd4 Ne4 31. Bxd5) 30. Bd1 Rc4 31. Rgf4
Nd3 32. R4f3 {was another possibility.}) 29... h5 (29... Ke5 $5 30. Rh4 (30. g4
$6 {During the game I was thinking it was quite a logical way to fight for a
draw, but I was probably wrong.} fxg4 31. Rh4 (31. Rg3 h5 32. h3 Rc1 $1 33.
Rxc1 Nxc1 34. Bd1 d4 $1 $17) 31... h5 32. h3 gxh3 33. Kh2 Rc1 34. Rxc1 Nxc1 35.
Bc2 Rd6 36. b5 Rf6 $15) 30... d4 31. g4 $1 dxe3 32. dxe3 Nc1 33. Bd1 fxg4 34.
Bxg4 Na2 $15) 30. Rh4 $1 {The main point of White's idea. Now it is not easy
to prevent the activation of the rook. I was confused when my opponent was
playing moves like Rg3 and Rh3, because it looked like he was improving my
position on the kingside, however I must admit it made some sense.} Nc1 $1 {
The only way to keep an advantage.} 31. Bd1 (31. Ba4 {Honestly, I completely
missed that interesting attempt to prevent ...Rc4. White wouldn't be able to
move his rook to d4 though due to ...Ne2.} Rd6 $1 32. g3 (32. Bb5 Re6 33. Rd4
a6 34. Bd3 Rd6 $17) 32... Ra6 33. b5 Re6 $17 {[%cal Ge6e4]}) 31... Rc4 32. Rd4
(32. Rxc4 $2 dxc4 33. Bxh5 Nb3 34. Be2 b5 $17) 32... Rxd4 33. exd4 Re8 34. Bxh5
(34. Bf3 Ne2+ 35. Kf2 Nxd4 36. Rc1 b6 $17 (36... h4 $5)) 34... Nb3 35. Bf3 Rd8
$2 {Losing the whole advantage.} ({For some reason I though I could take only
the d4-pawn, but:} 35... Nxd2 36. Rc1 Nxf3+ 37. gxf3 Re3 {The resulting rook
ending doesn't look simple for White.} 38. Kf2 Rxa3 39. Rc7 b6 40. Kg3 (40. h4
Rd3 41. Rc6+ Kg7 42. Rc7+ Kh6 43. Rxa7 Rxd4 44. Rd7 (44. b5 Rxh4 45. Rb7 Rb4
46. Rxb6 Kg5) 44... Rxh4 45. Rxd5 Rxb4) 40... Rd3 41. Rxa7 Rxd4 42. Rd7 Rxb4
43. Rxd5 g5 44. Rd6+ Ke5 45. Rg6 Rb1) 36. Kf2 Nxd4 37. Rc1 Ne6 38. h4 Ke5 39.
g3 Kd6 40. Rc3 Ra8 {I was trying to pretend I could play for a win but
unfortunately the position is already a complete draw.} 41. Rd3 Nc7 42. g4 fxg4
43. Bxg4 a5 44. Rf3 axb4 45. axb4 Ke7 46. Re3+ Kd6 47. Rf3 Ke7 48. Re3+ Kd6
1/2-1/2

[Event "ESP-chT CECLUB Honor"]
[Site "Linares"]
[Date "2017.08.15"]
[Round "2.1"]
[White "Edouard, Romain"]
[Black "Mchedlishvili, Mikheil"]
[Result "0-1"]
[WhiteElo "2624"]
[BlackElo "2590"]
[Annotator "Edouard,R"]
[PlyCount "90"]
[EventDate "2017.08.14"]
[EventType "team-tourn"]
[EventRounds "7"]
[EventCountry "ESP"]
[SourceTitle "CBM 180"]
[Source "ChessBase"]
[SourceDate "2017.09.13"]
[SourceVersion "1"]
[SourceVersionDate "2017.09.13"]
[SourceQuality "1"]
[WhiteTeam "Sestao Bizkaialde"]
[BlackTeam "Beniajan Duochess CAC"]
[WhiteTeamCountry "ESP"]
[BlackTeamCountry "ESP"]

1. c4 e5 2. Nc3 Nf6 3. g3 Bb4 4. Bg2 O-O 5. Nf3 Re8 6. O-O e4 ({The other
critical line is the following, and I do not see any problem for Black:} 6...
c6 7. Qb3 (7. d3 h6 8. Bd2 (8. Ne4 $5 Nxe4 (8... Na6 9. a3 Bf8 10. b4 d5 11.
Nxf6+ Qxf6 12. Bb2 Qd6 13. Rc1 $14 {1-0 (29) Wen,Y (2581)-Sasikiran,K (2680)
UAE 2014}) 9. dxe4 a5 $5 10. Be3 (10. b3 d6 11. Bb2 Be6 12. Nh4 Bc5 13. a3 Nd7
$13 {0-1 (42) Polgar,Z (2510)-Torre,E (2530) San Francisco 1991}) 10... Na6 11.
Rc1 d6 12. Nh4 Bc5 13. Qd2 Bxe3 14. Qxe3 Qf6 15. Rfd1 Rd8 16. Rd2 Be6 $13 {
½-½ (80) Salem,A (2603)-Nakar,E (2419) Caleta ENG 2015}) (8. Nd2 Na6 9. a3
Bf8 10. b4 d5 11. cxd5 cxd5 12. Bb2 Nc7 $132 {0-1 (48) Jussupow,A (2608)
-Vachier Lagrave,M (2705) FRA 2012}) 8... Bf8 (8... d5 $6 9. Nxd5 $14) 9. e4 d6
$5 (9... d5 $6 10. exd5 cxd5 11. Nxd5 Nxd5 12. cxd5 Qxd5 13. Bc3 Qd6 14. d4
exd4 15. Nxd4 Na6 16. Qh5 $14 {1-0 (31) Laznicka,V (2657)-Sethuraman,S (2623)
FRA 2015}) 10. d4 a6 11. Qc2 (11. d5 b5 $13) 11... b5 12. Rad1 exd4 $5 $146 (
12... Nbd7 {1-0 (60) Solak,D (2627)-Raznikov,D (2495) BUL 2014} 13. c5 $5 $146
dxc5 14. dxe5 Ng4 15. e6 Rxe6 16. Bf4 $44 {/\ NNh4}) 13. Nxd4 Bg4 14. Rde1 (14.
f3 Bd7 $13) 14... bxc4 $13 {(/\x...c5, ...Nc6)}) (7. d4 e4 8. Ne1 d5 9. cxd5
cxd5 10. Bg5 Be6 $13) (7. a3 Bxc3 (7... Bf8 $5) 8. dxc3 d5 (8... d6 $5) 9. Bg5
Nbd7 10. cxd5 cxd5 11. e4 dxe4 $5 $146 12. Nd2 Qc7 $13) 7... Na6 8. d3 (8. a3
Bc5 $5 (8... Bf8 {is a bit slow here:} 9. d4 e4 10. Ne1 d5 11. cxd5 cxd5 12. f3
$36 {1/2-1/2 (28) Huang,Q (2478)-Olafsson,H (2547) Reykjavik 2013}) 9. d3 h6
10. e4 (10. e3 d5 11. cxd5 cxd5 12. Nxe5 Rxe5 13. d4 Re8 14. dxc5 Nxc5 $13)
10... d6 11. h3 Nc7 $13) (8. d4 d6 9. Rd1 (9. dxe5 dxe5 10. a3 Bf8 11. Rd1 Qe7
$13) 9... Bxc3 10. Qxc3 e4 11. Ne1 Bg4 $13) 8... h6 ({A brillant alternative
idea was found by MVL:} 8... Bxc3 $5 9. Qxc3 d5 10. cxd5 Nxd5 11. Qc2 Bg4 $1
12. h3 Bxf3 $1 13. Bxf3 Nac7 14. a3 Ne6 15. e3 f5 $36 {0-1 (40) Van Wely,L 
(2641)-Vachier Lagrave,M (2730) Moscow RUS 2010}) 9. a3 Bf8 10. Qc2 (10. d4 e4
11. Ne1 Nc7 $13) 10... Nc7 $13 {Black may play ...d5 or just ...d6 next.} (
10... d5 11. cxd5 cxd5 12. d4 e4 13. Ne5 Qb6 14. Be3 Bf5 $13)) 7. Nd4 Bxc3 ({
Black normally starts with} 7... Nc6 {leading to unclear positions, playable
positions for both sides:} 8. Nc2 Bxc3 9. dxc3 h6 (9... d6 10. Bg5 h6 11. Bxf6
Qxf6 12. Ne3 Re5 13. Qc2 Bf5 14. Rad1 Rae8 15. Rd5 $14 {1/2-1/2 (42) Portisch,
L (2650)-Uhlmann,W (2560) Madrid 1973}) 10. Ne3 (10. Bf4 d6 11. Qd2 a5 12. b3
b6 13. h3 Be6 14. g4 Qd7 15. Ne3 Ne7 16. Bg3 $36 {1/2-1/2 (47) Kamsky,G (2714)
-Svidler,P (2732) Khanty-Mansiysk RUS 2007; is another playable plan.}) 10...
d6 11. b3 a5 (11... Ne7 $5 12. Nd5 Nf5 13. Qc2 Nxd5 14. cxd5 e3 15. Be4 Qg5 16.
Qd3 Bd7 17. f4 Qg4 $13 {1-0 (29) Khismatullin,D (2714)-Golod,V (2573) Yerevan
ARM 2014}) 12. a4 Bd7 13. Nd5 Bf5 14. h3 Ne5 15. Be3 b6 16. Qd2 Nfd7 17. Rad1
Bh7 $13 {1-0 (34) Kryvoruchko,Y (2710)-Schenk,A (2491) GER 2015}) 8. dxc3 $5 ({
I've never liked the move} 8. bxc3 {as I consider is too inflexible:} d6 9. d3
Nbd7 10. f3 (10. Qc2 Nc5 11. Bg5 exd3 12. exd3 h6 $13) 10... exd3 11. exd3 d5
$13 {1/2-1/2 (25) Turov,M (2667)-Grigoriants,S (2557) Voronezh RUS 2012}) 8...
d6 9. h3 Nbd7 10. Nc2 $6 $146 {The start of a bad plan, willing to play
similar to playing against 7...Nc6. The e3-square is a flexible square for the
knight: defending c4, being able to go to d5, and forcing Black to take on f3
when White plays f4 as otherwise g4 is coming next. However, here, it is too
slow.} ({A smarter plan was played by Mamedov, but again, the positions are
just unclear:} 10. b3 a5 11. a4 Nc5 12. Be3 b6 13. Qc2 Bd7 14. Rad1 $13 {
1/2-1/2 (38) Mamedov,R (2650)-Wang,H (2717) CHN 2016}) 10... a5 $1 {The best
move, going for the queenside space.} 11. Ne3 (11. a4 Nc5 12. Ne3 Bd7 $13)
11... a4 12. f4 exf3 13. exf3 Nc5 14. Kh2 Bd7 ({An improvement of the same
idea would probably be} 14... b6 15. Qc2 Bb7 {and Black is more than fine.})
15. Qc2 Bc6 16. Nf5 Nfd7 17. Be3 Ne5 18. Bd4 Ne6 (18... f6 19. Rad1 (19. Bxc5
dxc5 20. Rad1 Qc8 $132) 19... Qc8 20. Ne3 Ne6 $13) 19. c5 $6 {Overestimating
my position!} ({After} 19. Rae1 Nxd4 (19... Nxc4 20. Bxg7 $1 $40) (19... f6 20.
f4 Nxc4 21. Bxc6 bxc6 22. Qe2 $1 {/\ Qg4 is problematic.}) 20. cxd4 Ng6 {
I didn't see any way to put real pressure on Black - probably rightly so.})
19... Nxd4 (19... Nxc5 $2 20. f4 $16) 20. cxd4 Ng6 21. cxd6 cxd6 22. d5 $6 {
Just missing Black's next move.} (22. Rfe1 $11) 22... Bb5 (22... Bxd5 23. Rfd1
$1 {looked very dangerous for Black:} Bc6 $1 (23... Qa5 $2 24. b4 $16) (23...
Ra5 24. Qc3 Re5 25. Nxd6 $138) (23... Rc8 24. Qxa4 Re5 25. f4 Rxf5 26. Rxd5
Rxd5 27. Bxd5 Qf6 28. Rg1 $1 $36) (23... Re5 $2 24. f4 Rc8 25. Qd3 $16) 24.
Nxd6 Re6 $1 $13) 23. Rfe1 Qf6 24. Rad1 Bd7 (24... Rxe1 $1 25. Rxe1 h5 $1 {
was very annoying, with the idea} 26. h4 Bd7 27. Ne3 Nxh4 $17) 25. Rxe8+ Rxe8
26. Nd4 Rc8 27. Qd2 Rc5 28. f4 $6 (28. b4 axb3 (28... Rxd5 $6 29. f4 $40) 29.
Nxb3 $11 {was safer.}) 28... h5 29. h4 Ne7 30. Bf3 $6 {Another dumb move!} Bg4
31. Qb4 b5 32. Bxg4 hxg4 33. Rd2 $4 {The last mistake - now everything wins
for Black.} (33. Qe1 $1 Rxd5 34. Qe4 {with great drawing chances.}) 33... Rxd5
(33... Rc4 34. Qxb5 Rxd4 35. Rxd4 Qxd4 36. Qe8+ Kh7 37. Qxe7 Qxb2+ $19) 34. Qc3
g6 35. Qe3 Nf5 36. Nxf5 Qxf5 37. Re2 Rd3 38. Qc1 Kg7 39. Qc2 Re3 40. Rd2 Qxc2
41. Rxc2 Kf6 42. Kg2 d5 43. Rc5 Re2+ 44. Kf1 Rxb2 45. Rxd5 b4 0-1